Manual del impuesto sobre transmisiones patrimoniales y actos jurídicos documentados / (Record no. 99954)

MARC details
000 -LEADER
campo de control de longitud fija 00689nam a2200181 i 4500
001 - NÚMERO DE CONTROL
campo de control 99954
003 - IDENTIFICADOR DE NÚMERO DE CONTROL
campo de control ES-MaACL
005 - FECHA Y HORA DE LA ÚLTIMA TRANSACCIÓN
campo de control 20230906182559.0
007 - CAMPO FIJO DE DESCRIPCIÓN FÍSICA--INFORMACIÓN GENERAL
campo de control de longitud fija t|
008 - DATOS DE LONGITUD FIJA--INFORMACIÓN GENERAL
campo de control de longitud fija 050920s1977 sp ||||1| spa d
100 1# - ENTRADA PRINCIPAL--NOMBRE DE PERSONA
Nombre de persona Martínez Lafuente, Antonio.
9 (RLIN) 78168
245 10 - MENCIÓN DEL TÍTULO
Título Manual del impuesto sobre transmisiones patrimoniales y actos jurídicos documentados /
Mención de responsabilidad, etc. por Antonio Martínez Lafuente.
260 ## - PUBLICACIÓN, DISTRIBUCIÓN, ETC.
Lugar de publicación, distribución, etc. Madrid :
Nombre del editor, distribuidor, etc. Escuela de Inspección Financiera y Tributaria,
Fecha de publicación, distribución, etc. 1977.
300 ## - DESCRIPCIÓN FÍSICA
Extensión 365 p. ;
Dimensiones 24 cm.
500 ## - NOTA GENERAL
Nota general Precede al tít.: Escuela de Inspección Financiera.
710 2# - ENTRADA AGREGADA--NOMBRE DE ENTIDAD CORPORATIVA
Nombre de entidad corporativa o nombre de jurisdicción como elemento de entrada Escuela de Inspección Financiera y Tributaria (España)
9 (RLIN) 3549
852 ## - LOCALIZACIÓN
Ubicación ES-MaACL
Número de control de estantería A-7067
Sublocalización o colección R.96180
Holdings
Estatus retirado Estado de pérdida Estado de daño No para préstamo Biblioteca de origen Biblioteca actual Ubicación en estantería Fecha de adquisición Fuente de adquisición Total de préstamos Signatura topográfica completa Código de barras Visto por última vez Precio de reemplazo Tipo de ítem Koha
        Biblioteca del Ateneo de Madrid Biblioteca del Ateneo de Madrid Sala Pecera Planta 1 17/01/2008     A-7067 1104366 23/02/2023 23/02/2023 Libro impreso